Bekar - Paroles Un matelas sur le sol - Statistiques

Statistiques générales
  • Ce quiz a été pris 78 fois
    77 depuis la dernière actualisation
  • Le résultat moyen est 162 sur 269
Statistiques - réponses
Réponse % Correct
ma
93%
m'a
93%
à
91%
de
91%
Ca
87%
ça
87%
me
87%
le
85%
plus
85%
Fais
83%
fais
83%
la
83%
La
83%
moi
83%
pas
83%
que
83%
un
83%
des
80%
matelas
80%
même
80%
je
78%
mois
78%
sur
78%
qu'jai
76%
au
74%
les
74%
mais
74%
mal
74%
mes
74%
mon
74%
couloir
72%
du
72%
j'ai
72%
La mélodie
72%
mélodie
72%
mots
72%
parle
72%
chambre
70%
fond
70%
maison
70%
pierre
70%
poli
70%
prières
70%
si
70%
comme
67%
daron
67%
j'étais
67%
meilleur
67%
posé
67%
rien
67%
dire
65%
j'dors
65%
merde
65%
d'un
63%
J'critique
63%
lion
63%
qu'à
63%
reste
63%
sa
63%
travers
63%
crinière
61%
lionceau
61%
sous
61%
ce
59%
oh
59%
et
57%
père
57%
va
57%
qui
54%
courant
52%
j'suis
52%
était
50%
hiver
50%
j'me
50%
mourrant
50%
ai
48%
payer
48%
qu'son
48%
re-frè
48%
sauf
48%
tard
48%
c'était
46%
l'tour
46%
pays
46%
prix
46%
j'apprendrais
43%
forcé
41%
j'dois
41%
j'vois
41%
parti
41%
qu'on
41%
rentrer
41%
gars
39%
sans
39%
seul
39%
suis
39%
vingt-quatre
39%
jamais
37%
l'vouloir
37%
37%
d'étoiles
35%
d'l'admettre
35%
est
35%
l'enfance
35%
l'hotêl
35%
n'est
35%
oreiller
35%
rêves
35%
soir
35%
ciel
33%
garni
33%
jeune
33%
j'mendors
33%
pillé
33%
planté
33%
rendez
33%
bon
30%
celle
30%
j'y
30%
passée
30%
pour
30%
sens
30%
sortie
30%
trop
30%
vie
30%
chaque
28%
dort
28%
d'route
28%
addictifs
24%
apaiser
24%
conscience
24%
l'autre
24%
quartier
24%
tombe
24%
trouvé
24%
banc
22%
c'est
22%
creuser
22%
Quelques
22%
qu'la
22%
moins
20%
m'rappelle
20%
nanana
20%
tu
20%
croire
17%
peux
17%
n'suis
15%
qu'd'atomes
15%
erreurs
13%
faire
13%
avec
11%
largué
11%
lourd
11%
poid
11%
avant
9%
tracter
9%
comment
7%
qu'elle
4%
viens
4%
m'enseigne
2%
Aucun quiz correspondant
Distribution des résultats
% des personnes avec chaque résultat
Percentile par nombre de réponses
Votre historique - résultats
Vous n’avez pas pris ce quiz depuis la dernière actualisation